00500 2200205 4500001002100000005001500021035002000036008004100056245005400097100001800151250000600169260003600175300001100211084001400222082000800236650001400244990001200258990001200270990001200282INLIS00000000000037620240430020522 a0010-0424000352240430 0 ind 1 aLingkungan Yang Aman Dan Tenteram /cTri Haryanto aHaryanto, Tri a1 aJakarta :bCempaka Putih,c2017 a60 hlm a100 TRI l a100 4aNon Fiksi a0728589 a0728590 a0728591